Enviado especial
Tallennettuna:
| Päätekijä: | |
|---|---|
| Aineistotyyppi: | Kirja |
| Kieli: | espanja |
| Julkaistu: |
Barcelona
Planeta
1977
|
| Sarja: | Colecciones Populares Planeta
|
| Aiheet: | |
| Tagit: |
Lisää tagi
Ei tageja, Lisää ensimmäinen tagi!
|
MARC
| LEADER | 00000nam a2200000 a 4500 | ||
|---|---|---|---|
| 001 | UCT5038 | ||
| 003 | CL-VaPUC | ||
| 008 | 961129e19770000SP |||||||||||||||||spa|d | ||
| 082 | 0 | 4 | |a 814 |b HEM |2 21 |
| 100 | |a Hemingway, Ernest |e author |9 582258 | ||
| 245 | 1 | 0 | |a Enviado especial |
| 300 | |a 343 p | ||
| 942 | |c BK | ||
| 945 | |d 19961129 00:00:00 |a rleighto | ||
| 260 | |a Barcelona |b Planeta |c 1977 | ||
| 650 | 0 | |a Ensayos estadounidenses |9 268384 | |
| 583 | |a last modification |c 19961129 00:00:00 |k Rodrigo Vera | ||
| 490 | 0 | |a Colecciones Populares Planeta | |
| 999 | |c 254063 |d 254061 | ||
| 952 | |0 0 |1 0 |4 0 |6 814_000000000000000_HEM_1977 |7 0 |8 A |9 275431 |a BIBEDU |b BIBEDU |d 2019-11-19 |i 3254240 |o 814 HEM 1977 |p 3254240 |r 2019-11-19 |w 2019-11-19 |y BK |k LIT | ||